Statistics for NBA Teams Scramble

Click here to take the quiz!

General Stats

  • This quiz has been taken 49 times
  • The average score is 14 of 16

Answer Stats

HintAnswer% Correct
stennets
100%
ssnusuns
100%
zajzjazz
98%
taprorsraptors
98%
upsrsspurs
98%
lbuslbulls
96%
atehheat
96%
niskckknicks
96%
aavceilrscavaliers
93%
riorsarwwarriors
93%
arwzdsiwizards
87%
aerlkslakers
84%
rtescokrockets
82%
scciletceltics
78%
calipnsepelicans
73%
nuthredthunder
73%

Score Distribution

Percentile by Number Answered

Percent of People with Each Score

Your Score History

You have not taken this quiz